Born in Wisconsin Quiz Stats

Quiz Updated Jun 13, 2016

Challenge
Share
Tweet
Score 0/20 Timer 04:00
3 Plays Today
% Correct
AthleteDanica Patrick
78.3%
ActorGene Wilder
74.9%
MusicianLiberace
68.8%
ActorChris Farley
67.7%
ActorWillem Dafoe
59.3%
ActorMark Ruffalo
54.6%
ActorHeather Graham
50.1%
DirectorOrson Welles
45.1%
ArchitectFrank Lloyd Wright
43.1%
ActorTyne Daly
41.2%
% Correct
ActorChris Noth
41.1%
AthleteColin Kaepernick
41%
ActorTony Shalhoub
40%
PoliticianJoseph McCarthy
36.7%
ActorSpencer Tracy
35.3%
MusicianLes Paul
25%
TV HostTom Snyder
20.5%
ActorGena Rowlands
19.3%
TV PersonalityJon Gosselin
19.1%
AthleteTerry Porter
14.1%

You're not logged in!

Compare scores with friends on all Sporcle quizzes.
Sign Up with Email
OR
Log In

You Might Also Like...

Show Comments

Extras

Top Quizzes Today


Score Distribution

Your Account Isn't Verified!

In order to create a playlist on Sporcle, you need to verify the email address you used during registration. Go to your Sporcle Settings to finish the process.